Seinfeld Trivia - Statistics

General Stats
  • This quiz has been taken 2,667 times
    2,659 since last reset
  • The average score is 9 of 14
Answer Stats
Hint Answer % Correct
What language does Frank Costanza interpret for Elaine at the salon? Korean
85%
Which sports team did David Puddy paint on his face? New Jersey Devils
83%
What video game did George mimic to get a arcade game across the street? Frogger
81%
What was the name of the Cologne Kramer was pitching to Calvin Klein? The Beach
80%
Who started the "Peterman Reality Tour"? Kramer
76%
What is the name of Kramer's lawyer? Jackie Chiles
71%
What is the name of Kramer's hen he used for cock fighting? Little Jerry
71%
Which state was Newman and Kramer going to return bottles for more money? Michigan
66%
What is the name of the cafe the whole gang eats at? Monk's Cafe
65%
What was the name of the fund George created at his work so he didnt have to buy christmas gifts for his coworkers? The Human Fund
63%
Who did Elaine see to make her lose in "The Contest"? John F Kennedy Jr
60%
What is the name of the restaurant that opened up across from Kramer's apartment and their bright red sign kept Jerry awake all night? Kenny Rogers Roasters
59%
What talk show did Kramer mock in his apartment? The Merv Griffin Show
50%
What is the name of the runner that stayed with Elaine for the New York Marathon? Jean Paul
35%
No matching quizzes found
Score Distribution
Percent of People with Each Score
Percentile by Number Answered
Your Score History
You have not taken this quiz since the last reset